| 000 | 00731nam a22002177a 4500 | ||
|---|---|---|---|
| 003 | OSt | ||
| 005 | 20251204105111.0 | ||
| 008 | 251204b |||||||| |||| 00| 0 eng d | ||
| 020 | _a92-9061-2983. | ||
| 040 |
_aDWC-Main lib. _cOC |
||
| 082 | _aGR. 362.5 In61 2005 | ||
| 245 |
_aIntegrating poverty and gender into health programmes : _ba sourcebook for health professionals : module on mental health/ |
||
| 260 |
_aGeneva, Switzerland : _bWHO Press, _cc2005. |
||
| 300 |
_av, 68 p. : _bcolor Illustrations ; _c28 cm. |
||
| 650 | _a1. Education, Professional. | ||
| 650 | _a2. Gender identity. | ||
| 650 | _a3. Mental health. | ||
| 650 | _a4. National health programmes. | ||
| 650 | _a5. Poverty. | ||
| 942 |
_2ddc _cGR _kGR. _n0 |
||
| 999 |
_c6813 _d6813 |
||